00984 a2200217 4500003000500000005001700005010001600022020001700038040000900055082001800064100002800082245007700110260003900187300003400226505028900260650002500549650003400574942001200608999001900620952012700639Nust20221202122241.0 a 89023162 a0132150883 : cNust00a621.38153,LAL1 aLala, Parag K.,910400910aDigital system design using programmable logic devices /cParag K. Lala. aHyderabadbBS publicationscc1990. axii, 286 p. :bill. ;c24 cm. aIntroduction (Page-1), Programmable Read only Memory (Page-21), Field-Programmable Combinational Devices(Page-47), Field-Programmable Logic Sequencers (Page-84), Programmable Array Logic (Page-114), New Generation of Programmable Logic Device (Page-167), Logic Cell Array (Page-242). 0aDigital electronics. 0aTelecommunication Engineering 2ddccBK c182382d182382 00102ddc4070aMCSbMCScGENd2016-12-12o621.38153,LALpMCS30284r2016-12-08w2016-12-12yBKzAlmirah No.34, Shelf No.2